Religion and science / (Record no. 148116)

MARC details
000 -LEADER
fixed length control field 00557nam a22001817a 4500
005 - DATE AND TIME OF LATEST TRANSACTION
control field 20230706164137.0
010 ## - LCCN (DPL NO)
LC control number ENG-121933 ENG-137324
020 ## - INTERNATIONAL STANDARD BOOK NUMBER
Terms of availability 650.00
International Standard Book Number 9788175557635
035 ## - SYSTEM CONTROL NUMBER
System control number EN-105465 EN-120856
037 ## - SOURCE OF ACQUISITION
Source of stock number/acquisition DBAD/PUB
082 ## - DEWEY DECIMAL CLASSIFICATION NUMBER
Classification number 215
100 ## - MAIN ENTRY--PERSONAL NAME
Personal name Arora, Neha
245 ## - TITLE STATEMENT
Title Religion and science /
Statement of responsibility, etc by Neha Arora
260 ## - PUBLICATION, DISTRIBUTION, ETC. (IMPRINT)
Place of publication, distribution, etc New Delhi
Name of publisher, distributor, etc University Publication
Date of publication, distribution, etc 2016
270 ## - ADDRESS
Address 22/4735 Prakash Deep Building, Ansari Road,Darya Ganj,New Delhi
Postal code 110002
300 ## - PHYSICAL DESCRIPTION
Extent 152p.
Dimensions 24cm(hb.)
942 ## - ADDED ENTRY ELEMENTS (KOHA)
Source of classification or shelving scheme Dewey Decimal Classification
Item type English Books
Classification part 215
Call number suffix ARO
Holdings
Withdrawn status Lost status Not for loan Collection code Home library Current library Date acquired Source of acquisition Cost, normal purchase price Full call number Barcode Copy number Cost, replacement price Koha item type
      Non-fiction Narela Narela 20/12/2017 DBAD/PUB 650.00 215 ARO EN-105465 1 650.00 English Books
      Non-fiction Narela Narela 06/07/2023 DBAD/PUB 650.00 215 ARO EN-120856 1 650.00 English Books

© Delhi Public Library
Hit Counter
free hit counter